Czigány nyelvtan. : Románo Csibákero Sziklaribe. /
Uložené v:
| Hlavný autor: | |
|---|---|
| Médium: | Kniha |
| Jazyk: | Hungarian |
| Vydané: |
Budapest :
A Magyar Tudományos Akadémia Könyvkiadó,
1888
|
| Vydanie: | 1. vyd. |
| Témy: | |
| ISBN: |
(brož.) |
| Fyzický popis: |
23, 377 s. |
| Tagy: |
Pridať tag
Žiadne tagy, Buďte prvý kto otaguje tento záznam!
|
Titul je dostupný aj v ... 

MARC
| LEADER | 00000nam a2200000 a 4500 | ||
|---|---|---|---|
| 001 | 000074739 | ||
| 003 | SVKK | ||
| 005 | 20010430000000.0 | ||
| 008 | 991227s1888 hu e huno | ||
| 020 | |a (brož.) | ||
| 040 | |a SVKKK |b slo |c SVKKK |e AACR2 | ||
| 041 | 0 | |a hun | |
| 044 | |a hu |c HU | ||
| 080 | |a 809.149.9 |2 1997 | ||
| 100 | 1 | |a József föherceg, |4 aut | |
| 245 | 1 | 0 | |a Czigány nyelvtan. : |b Románo Csibákero Sziklaribe. / |c József föherceg |
| 250 | |a 1. vyd. | ||
| 260 | |a Budapest : |b A Magyar Tudományos Akadémia Könyvkiadó, |c 1888 | ||
| 300 | |a 23, 377 s. | ||
| 653 | 0 | |a jazyk rómsky |2 SVKKKPH | |
| 653 | 0 | |a učebnice |2 SVKKKPH | |
| 655 | 7 | |a monografie |2 SVKKKPH | |
| 910 | |a svkkk | ||
| 974 | |a MI |d 19991227 | ||
| 974 | |a PA |d 19991227 | ||
| 974 | |a PA |d 20010430 | ||
| 998 | |a BK | ||
| 090 | |g SCKHL |k HIS - sklad Zvonárska 19 |a VII.79 |j 869009 |i 2720456073 |s Príručka / Študovňa | ||